| 000 | 00921nam a2200229 a 4500 | ||
|---|---|---|---|
| 001 | 39874 | ||
| 003 | BD-RjUL | ||
| 005 | 20211209053058.0 | ||
| 008 | 160419s1991 bg ||||| |||| 001 0 ben d | ||
| 020 | _c: TK 52.00 | ||
| 035 | _a(BD-RjUL)39988 | ||
| 040 |
_aBD-RjUL _bben _cBD-RjUL |
||
| 041 | _abeneng | ||
| 082 |
_223 _a891.4409 _bABB 1991 |
||
| 100 |
_aআবদুল্লাহ, মুহাম্মদ _9118504 |
||
| 245 | 1 | 0 |
_aবাংলাদেশের দশ দিশারী / _cমুহাম্মাদ আবদুল্লাহ |
| 260 |
_aঢাকা : _bইসলামিক ফাউন্ডেশন, _c১৯৯১ |
||
| 300 |
_a[৮], ৩৩৬ পৃ. ; _c২১ সেমি. |
||
| 650 |
_aBengali Literature _9122953 _xHistory and criticism |
||
| 650 |
_aবাংলা সাহিত্য _xইতিহাস ও সমালোচনা _9118060 |
||
| 942 |
_2ddc _cBK |
||
| 999 |
_c39874 _d39874 |
||